000 00226nam a2200109Ia 4500
008 240625s9999 xx 000 0 und d
041 _aeng
082 _a920 KAT
100 _aKATE ASHISH
245 _aEUPHORIA
260 _c2011
999 _c34861
_d34861